[Event "Tradewise Gibraltar Masters 14th"]
[Site "Gibraltar"]
[Date "2016.01.26"]
[Round "1.50"]
[White "Semprun Martinez, Fernando"]
[Black "Al-Sayed, Mohammed"]
[Result "0-1"]
[WhiteElo "2178"]
[BlackElo "2530"]
[PlyCount "86"]
[EventDate "2016.01.26"]
[EventType "swiss"]
[EventRounds "10"]
[EventCountry "GGB"]
[Source "www.saund.co.uk"]
[SourceDate "2005.02.07"]

1. e4 c5 2. Nf3 d6 3. d4 cxd4 4. Nxd4 Nf6 5. Nc3 a6 6. Bg5 Nbd7 7. Qe2 h6 8.
Bh4 g6 9. f4 e5 10. fxe5 dxe5 11. O-O-O Qc7 12. Nb3 b5 13. Nd5 Nxd5 14. exd5
Bd6 15. g4 O-O 16. Kb1 Bb7 17. Qd2 Rac8 18. Bg2 b4 19. Rc1 Kg7 20. c4 bxc3 21.
Rxc3 Qb6 22. Bf2 Qb5 23. Be3 Rh8 24. Rxc8 Bxc8 25. Rf1 Bb7 26. Rd1 f6 27. Bf1
Qa4 28. h3 h5 29. g5 f5 30. Bd3 Rc8 31. Qa5 Qb4 32. Qxb4 Bxb4 33. a3 Bc5 34.
Nxc5 Nxc5 35. Bc2 Kf7 36. b4 Nd7 37. Ba4 Ke8 38. Kb2 Rc4 39. d6 f4 40. Kb3 Re4
41. Bb6 Re2 42. b5 Nxb6 43. bxa6+ Nxa4 0-1

[Event "Tradewise Gibraltar Masters 14th"]
[Site "Gibraltar"]
[Date "2016.01.26"]
[Round "1.51"]
[White "Gopal, Geetha Narayanan"]
[Black "Byron, Alan M"]
[Result "1-0"]
[WhiteElo "2525"]
[BlackElo "2175"]
[PlyCount "79"]
[EventDate "2016.01.26"]
[EventType "swiss"]
[EventRounds "10"]
[EventCountry "GGB"]
[Source "www.saund.co.uk"]
[SourceDate "2005.02.07"]

1. e4 e5 2. Nf3 Nc6 3. Bb5 a6 4. Ba4 Nf6 5. O-O Be7 6. d3 b5 7. Bb3 d6 8. a4
Rb8 9. axb5 axb5 10. Nc3 O-O 11. Nd5 Be6 12. c3 h6 13. Ra6 Bd7 14. Re1 Re8 15.
h3 Qc8 16. Ra1 Bd8 17. Ne3 Ne7 18. Nh2 c5 19. Nhg4 Nxg4 20. hxg4 Be6 21. Bc2
Kf8 22. Qf3 Ng8 23. Nf5 Bxf5 24. gxf5 Bf6 25. Be3 Ra8 26. Bb3 Qc7 27. Qe2 Rec8
28. g3 Rcb8 29. Kg2 Ne7 30. Rxa8 Rxa8 31. Rh1 Ng8 32. Bd5 Rb8 33. g4 Qd8 34.
Rh5 Bg5 35. Bxg5 hxg5 36. Rh3 Qf6 37. Qd1 g6 38. Rh7 gxf5 39. gxf5 Rb6 40. Qh5
1-0

[Event "Tradewise Gibraltar Masters 14th"]
[Site "Gibraltar"]
[Date "2016.01.26"]
[Round "1.52"]
[White "Tscharotschkin, Michael"]
[Black "Cramling, Pia"]
[Result "0-1"]
[WhiteElo "2169"]
[BlackElo "2523"]
[PlyCount "50"]
[EventDate "2016.01.26"]
[EventType "swiss"]
[EventRounds "10"]
[EventCountry "GGB"]
[Source "www.saund.co.uk"]
[SourceDate "2005.02.07"]

1. d4 Nf6 2. Nf3 e6 3. Bf4 b6 4. e3 Bb7 5. h3 d6 6. Be2 Nbd7 7. O-O Be7 8. c4
c5 9. Nc3 a6 10. a3 O-O 11. b4 cxd4 12. exd4 Rc8 13. Qb3 Qc7 14. Nd2 e5 15.
dxe5 dxe5 16. Be3 Rfd8 17. Rac1 e4 18. Rfd1 Ne5 19. Na4 Nfd7 20. Nf1 Qc6 21.
Bd4 Nd3 22. Bxd3 exd3 23. Ne3 Bg5 24. Nd5 b5 25. Nc5 Nxc5 0-1

[Event "Tradewise Gibraltar Masters 14th"]
[Site "Gibraltar"]
[Date "2016.01.26"]
[Round "1.53"]
[White "Vishnu, Prasanna. V"]
[Black "Hill, Alistair"]
[Result "1-0"]
[WhiteElo "2518"]
[BlackElo "2167"]
[PlyCount "71"]
[EventDate "2016.01.26"]
[EventType "swiss"]
[EventRounds "10"]
[EventCountry "GGB"]
[Source "www.saund.co.uk"]
[SourceDate "2005.02.07"]

1. c4 g6 2. Nc3 c5 3. g3 Bg7 4. Bg2 Nc6 5. Nf3 e6 6. d4 cxd4 7. Nb5 d5 8. cxd5
Qa5+ 9. Nd2 Qxb5 10. a4 Qb6 11. dxc6 Ne7 12. Nc4 Qb4+ 13. Bd2 Qxc4 14. cxb7
Bxb7 15. Bxb7 Rb8 16. Rc1 Qa2 17. Ba6 O-O 18. b4 Qd5 19. O-O Qd6 20. Bc4 Rfc8
21. Qb3 h5 22. b5 Nd5 23. Bxd5 exd5 24. a5 Qe6 25. Rxc8+ Rxc8 26. Qd3 Rc4 27.
Rb1 Be5 28. b6 axb6 29. axb6 Rc8 30. h4 Rb8 31. b7 Qc6 32. Qb5 Qc2 33. Rc1 Qxd2
34. Rc8+ Kh7 35. Qe8 Rxb7 36. Qxe5 1-0

[Event "Tradewise Gibraltar Masters 14th"]
[Site "Gibraltar"]
[Date "2016.01.26"]
[Round "1.54"]
[White "Ajele, Rotimi"]
[Black "Pichot, Alan"]
[Result "0-1"]
[WhiteElo "2163"]
[BlackElo "2517"]
[PlyCount "58"]
[EventDate "2016.01.26"]
[EventType "swiss"]
[EventRounds "10"]
[EventCountry "GGB"]
[Source "www.saund.co.uk"]
[SourceDate "2005.02.07"]

1. d4 Nf6 2. c4 c5 3. d5 e6 4. Nc3 exd5 5. cxd5 d6 6. Nf3 g6 7. Nd2 Bg7 8. e4
O-O 9. Be2 Re8 10. O-O Nbd7 11. f3 a6 12. a4 Nh5 13. Nc4 Ne5 14. Be3 f5 15. Qc2
Nxc4 16. Bxc4 Be5 17. f4 Bxc3 18. Qxc3 Rxe4 19. Rae1 Nf6 20. Bc1 Bd7 21. a5
Rxc4 22. Qxc4 Bb5 23. Qc3 Bxf1 24. Kxf1 Ne4 25. Rxe4 fxe4 26. b3 Qf8 27. Bb2
Qxf4+ 28. Ke1 Qe5 29. Qc2 Qxd5 0-1

[Event "Tradewise Gibraltar Masters 14th"]
[Site "Gibraltar"]
[Date "2016.01.26"]
[Round "1.55"]
[White "Libiszewski, Fabien"]
[Black "Ranaivoharisoa, Alain"]
[Result "1/2-1/2"]
[WhiteElo "2515"]
[BlackElo "2160"]
[PlyCount "115"]
[EventDate "2016.01.26"]
[EventType "swiss"]
[EventRounds "10"]
[EventCountry "GGB"]
[Source "www.saund.co.uk"]
[SourceDate "2005.02.07"]

1. c4 Nf6 2. g3 e5 3. Bg2 Nc6 4. Nc3 Bc5 5. e3 d6 6. Nge2 O-O 7. d4 Bb6 8. h3
a5 9. O-O Re8 10. b3 Bf5 11. d5 Ne7 12. Na4 Ba7 13. Nec3 Nd7 14. Nb5 Nc5 15.
Nxa7 Nxa4 16. Nb5 Nc5 17. Nc3 Bd3 18. Re1 Bg6 19. e4 f5 20. f3 Qd7 21. Be3 b6
22. Qd2 Rf8 23. Rab1 h6 24. Red1 Bh7 25. a3 Ng6 26. Bf2 fxe4 27. fxe4 Qe7 28.
b4 axb4 29. axb4 Nd7 30. Nb5 Nf6 31. c5 bxc5 32. bxc5 Nh8 33. Qe2 Ra4 34. cxd6
cxd6 35. Nc3 Ra3 36. Nb5 Raa8 37. Nc3 Ra3 38. Rdc1 Raa8 39. Nb5 Rfc8 40. Rc6
Nf7 41. Rbc1 Qb7 42. Qc4 Rd8 43. Bb6 Rd7 44. Rc8+ Ne8 45. Rxa8 Qxa8 46. Qc8
Qxc8 47. Rxc8 Kf8 48. Nc7 Rxc7 49. Bxc7 Ke7 50. Bb8 Ng5 51. Rc4 Nf6 52. Rc6
Ngxe4 53. Bxe4 Nxe4 54. Rc7+ Kf6 55. Rc4 Nxg3 56. Bxd6 Ne2+ 57. Kf2 Nf4 58.
Rxf4+ 1/2-1/2

[Event "Tradewise Gibraltar Masters 14th"]
[Site "Gibraltar"]
[Date "2016.01.26"]
[Round "1.57"]
[White "Gledura, Benjamin"]
[Black "Campbell, Charles"]
[Result "1-0"]
[WhiteElo "2515"]
[BlackElo "2157"]
[PlyCount "73"]
[EventDate "2016.01.26"]
[EventType "swiss"]
[EventRounds "10"]
[EventCountry "GGB"]
[Source "www.saund.co.uk"]
[SourceDate "2005.02.07"]

1. Nf3 Nf6 2. c4 e6 3. d4 c5 4. d5 d6 5. Nc3 Be7 6. g3 O-O 7. Bg2 exd5 8. cxd5
Re8 9. O-O Bf8 10. Nd2 Na6 11. e4 Nc7 12. a4 Bg4 13. f3 Bd7 14. Nc4 b5 15. axb5
Nxb5 16. Rf2 Rb8 17. Bf1 Qc7 18. Bg5 Nd4 19. Be3 Nb5 20. Ra5 Rb7 21. Nxb5 Bxb5
22. Rxb5 Rxb5 23. Nxd6 Bxd6 24. Bxb5 Re7 25. b3 Qa5 26. Bc4 h6 27. Qd2 Qc7 28.
Qd3 Qb8 29. Kg2 Qe8 30. Ra2 Qb8 31. Ra6 Qd8 32. Rc6 Rc7 33. Rxd6 Qxd6 34. Bf4
Qb6 35. Bxc7 Qxc7 36. d6 Qd8 37. e5 1-0

[Event "Tradewise Gibraltar Masters 14th"]
[Site "Gibraltar"]
[Date "2016.01.26"]
[Round "1.58"]
[White "Dougherty, Michael"]
[Black "Harika, Dronavalli"]
[Result "0-1"]
[WhiteElo "2149"]
[BlackElo "2511"]
[PlyCount "72"]
[EventDate "2016.01.26"]
[EventType "swiss"]
[EventRounds "10"]
[EventCountry "GGB"]
[Source "www.saund.co.uk"]
[SourceDate "2005.02.07"]

1. d4 e6 2. Nf3 Nf6 3. c4 b6 4. Bf4 Bb7 5. e3 Bb4+ 6. Nfd2 O-O 7. a3 Be7 8. Nc3
d5 9. cxd5 exd5 10. Bd3 c5 11. Nf3 Nbd7 12. h3 Ne4 13. O-O Rc8 14. Ne2 Bf6 15.
b4 c4 16. Bc2 Qe7 17. Nd2 a6 18. Nxe4 dxe4 19. Nc3 g5 20. Qg4 h5 21. Qg3 h4 22.
Qg4 Rfe8 23. Rae1 Nf8 24. Bh2 Rcd8 25. Kh1 Ng6 26. f4 exf3 27. gxf3 Bc8 28. Qg2
Bg7 29. Rg1 Bh6 30. Ne4 Bb7 31. Nf2 Bg7 32. Be4 Bxe4 33. Nxe4 f6 34. Qc2 Qe6
35. Rg4 Nf8 36. Reg1 Rd7 0-1

[Event "Tradewise Gibraltar Masters 14th"]
[Site "Gibraltar"]
[Date "2016.01.26"]
[Round "1.59"]
[White "Sundararajan, Kidambi"]
[Black "Vanheirzeele, Daniel"]
[Result "1-0"]
[WhiteElo "2508"]
[BlackElo "2149"]
[PlyCount "53"]
[EventDate "2016.01.26"]
[EventType "swiss"]
[EventRounds "10"]
[EventCountry "GGB"]
[Source "www.saund.co.uk"]
[SourceDate "2005.02.07"]

1. d4 Nf6 2. Nf3 e6 3. e3 b6 4. Bd3 Bb7 5. O-O d5 6. b3 Nbd7 7. Bb2 Bd6 8. c4
O-O 9. Nc3 a6 10. cxd5 exd5 11. Ne2 Ne4 12. Ng3 Re8 13. Rc1 g6 14. Qc2 Rc8 15.
Qe2 Ra8 16. Rc2 Qe7 17. Rfc1 c6 18. Bxe4 dxe4 19. Nd2 Qh4 20. f4 exf3 21. Qxf3
Bxg3 22. hxg3 Qe7 23. e4 Nf6 24. d5 Nxe4 25. Nxe4 Qxe4 26. Qf6 Qe3+ 27. Rf2 1-0

[Event "Tradewise Gibraltar Masters 14th"]
[Site "Gibraltar"]
[Date "2016.01.26"]
[Round "1.60"]
[White "Lobersli, Henrik Oie"]
[Black "Bai, Jinshi"]
[Result "0-1"]
[WhiteElo "2146"]
[BlackElo "2507"]
[PlyCount "166"]
[EventDate "2016.01.26"]
[EventType "swiss"]
[EventRounds "10"]
[EventCountry "GGB"]
[Source "www.saund.co.uk"]
[SourceDate "2005.02.07"]

1. e4 c5 2. Nf3 e6 3. d4 cxd4 4. Nxd4 Nc6 5. Nb5 d6 6. c4 Nf6 7. N1c3 a6 8. Na3
Qa5 9. Bd2 Be7 10. Be2 O-O 11. Nd5 Qd8 12. Nxe7+ Qxe7 13. f3 d5 14. exd5 exd5
15. O-O Qe5 16. cxd5 Nxd5 17. Bc4 Qxb2 18. Nc2 Bf5 19. Bxd5 Bxc2 20. Qc1 Qd4+
21. Be3 Qxd5 22. Qxc2 Rad8 23. Rab1 Rd7 24. Rfd1 Qe6 25. Rxd7 Qxd7 26. Qb3 Re8
27. Bf2 Re7 28. Rd1 Qe8 29. Bh4 Rd7 30. Re1 Qf8 31. Bf2 h6 32. Qb2 Qd6 33. Rb1
Qd2 34. h3 Qg5 35. Qe2 Qf5 36. Rd1 Rxd1+ 37. Qxd1 Kh7 38. Qb3 Qd7 39. Qc2+ Kg8
40. Qe4 Nd8 41. Qe5 Nc6 42. Qe4 Qe7 43. Qc4 Qe5 44. Qb3 b5 45. Qd1 Qe6 46. Qd2
Ne5 47. Qd4 Nc4 48. Qd3 Qf6 49. Bd4 Qf4 50. Qc3 Qg5 51. a4 f6 52. axb5 axb5 53.
Bf2 Qd2 54. Qb3 Qc1+ 55. Kh2 Qb2 56. Qd3 Qxf2 57. Qd8+ Kh7 58. Qd3+ f5 59.
Qxf5+ Kg8 60. Qc8+ Kf7 61. Qf5+ Ke7 62. Qxb5 Qd4 63. Qb7+ Kf6 64. Qc8 Qe5+ 65.
Kh1 Nd6 66. Qc6 Qe6 67. Qc3+ Kf7 68. Qc7+ Qe7 69. Qc2 Qe1+ 70. Kh2 Qe5+ 71. Kh1
Nf5 72. Qb3+ Kf6 73. Qb6+ Kg5 74. Qf2 Ng3+ 75. Kg1 Nf5 76. Kh1 Qd4 77. Qe1 h5
78. Qc1+ Qe3 79. Qb1 h4 80. Qa1 Qf4 81. Qe1 g6 82. Qa1 Ng3+ 83. Kg1 Qd4+ 0-1

[Event "Tradewise Gibraltar Masters 14th"]
[Site "Gibraltar"]
[Date "2016.01.26"]
[Round "1.61"]
[White "Zhao Xue"]
[Black "Spence, David J"]
[Result "0-1"]
[WhiteElo "2506"]
[BlackElo "2140"]
[PlyCount "66"]
[EventDate "2016.01.26"]
[EventType "swiss"]
[EventRounds "10"]
[EventCountry "GGB"]
[Source "www.saund.co.uk"]
[SourceDate "2005.02.07"]

1. d4 e6 2. c4 Nf6 3. Nf3 b6 4. Nc3 Bb4 5. Bg5 h6 6. Bh4 g5 7. Bg3 Ne4 8. Qc2
Bb7 9. d5 Bxc3+ 10. bxc3 Nxg3 11. hxg3 Qe7 12. O-O-O Na6 13. Nd4 c6 14. e4 Nc5
15. e5 cxd5 16. Nb5 Kf8 17. Nd6 Bc6 18. Rd4 Ne4 19. cxd5 exd5 20. Rxe4 dxe4 21.
Bc4 Qxe5 22. Qd2 Kg7 23. f4 Qc5 24. Kb2 Rae8 25. Bxf7 Re7 26. Bb3 Rf8 27. Nc4
e3 28. Qd3 Qd5 29. Qxd5 Bxd5 30. fxg5 Rf2+ 31. Kc1 hxg5 32. Re1 Bxc4 33. Bxc4
Rxg2 0-1

[Event "Tradewise Gibraltar Masters 14th"]
[Site "Gibraltar"]
[Date "2016.01.26"]
[Round "1.62"]
[White "Seyfried, Claus"]
[Black "Tan, Zhongyi"]
[Result "0-1"]
[WhiteElo "2137"]
[BlackElo "2504"]
[PlyCount "42"]
[EventDate "2016.01.26"]
[EventType "swiss"]
[EventRounds "10"]
[EventCountry "GGB"]
[Source "www.saund.co.uk"]
[SourceDate "2005.02.07"]

1. d4 Nf6 2. c4 e6 3. Nc3 Bb4 4. Qc2 d5 5. e3 c5 6. cxd5 exd5 7. Nf3 O-O 8. Be2
c4 9. O-O g6 10. Bd2 Bf5 11. Qa4 Bd6 12. Ne5 Nbd7 13. f4 Nb6 14. Qd1 Ne4 15.
Nxe4 Bxe4 16. b3 Rc8 17. bxc4 Nxc4 18. Bf3 Bxe5 19. fxe5 Nxd2 20. Qxd2 Rc2 21.
Qd1 Qg5 0-1

[Event "Tradewise Gibraltar Masters 14th"]
[Site "Gibraltar"]
[Date "2016.01.26"]
[Round "1.63"]
[White "Khotenashvili, Bela"]
[Black "Veltkamp, Gerben"]
[Result "1-0"]
[WhiteElo "2502"]
[BlackElo "2135"]
[PlyCount "87"]
[EventDate "2016.01.26"]
[EventType "swiss"]
[EventRounds "10"]
[EventCountry "GGB"]
[Source "www.saund.co.uk"]
[SourceDate "2005.02.07"]

1. Nf3 d5 2. g3 c6 3. Bg2 Bg4 4. O-O Nd7 5. d3 e6 6. Qe1 Ngf6 7. e4 Bxf3 8.
Bxf3 Bd6 9. Bg2 Qe7 10. a4 O-O 11. Bd2 Rad8 12. Nc3 dxe4 13. dxe4 e5 14. Nd1
Nc5 15. Ne3 g6 16. Nc4 Bc7 17. Bb4 Rd4 18. b3 Rfd8 19. a5 Bd6 20. Nxd6 Qxd6 21.
Bc3 Rxe4 22. Bxe4 Ncxe4 23. Rd1 Qxd1 24. Qxd1 Rxd1 25. Rxd1 Nxc3 26. Rd8+ Kg7
27. Rb8 b6 28. a6 Nd7 29. Rb7 Nc5 30. Rxb6 Ne2+ 31. Kg2 Nd4 32. c3 Ndxb3 33.
Rb7 Nd2 34. Rxa7 Nxa6 35. Rxa6 c5 36. Ra5 Ne4 37. c4 Kf6 38. f3 Nd2 39. Rxc5 h5
40. Kf2 e4 41. f4 Ke6 42. Re5+ Kf6 43. c5 e3+ 44. Rxe3 1-0

[Event "Tradewise Gibraltar Masters 14th"]
[Site "Gibraltar"]
[Date "2016.01.26"]
[Round "1.64"]
[White "Kalthoff, Peter"]
[Black "Goryachkina, Aleksandra"]
[Result "0-1"]
[WhiteElo "2132"]
[BlackElo "2502"]
[PlyCount "100"]
[EventDate "2016.01.26"]
[EventType "swiss"]
[EventRounds "10"]
[EventCountry "GGB"]
[Source "www.saund.co.uk"]
[SourceDate "2005.02.07"]

1. d4 d5 2. Nf3 Nf6 3. e3 e6 4. Bd3 c5 5. c3 Nc6 6. Nbd2 Bd6 7. O-O O-O 8. dxc5
Bxc5 9. e4 h6 10. b4 Be7 11. b5 Na5 12. e5 Nd7 13. Qe2 Qc7 14. c4 Nc5 15. Bc2
Bd7 16. cxd5 exd5 17. Ba3 Rac8 18. Rfc1 Qb6 19. Bxc5 Bxc5 20. a4 Be6 21. Nb3
Nxb3 22. Bxb3 a6 23. Rc2 axb5 24. Qxb5 Qxb5 25. axb5 Bb6 26. Rac1 Rxc2 27. Rxc2
Ra8 28. Ra2 Rc8 29. Rc2 Rxc2 30. Bxc2 Kf8 31. Bb3 Ke7 32. Kf1 Kd7 33. Ne1 Kc7
34. Nd3 Bd4 35. Nf4 Kb6 36. Bxd5 Bxd5 37. Nxd5+ Kc5 38. Nf4 Bxe5 39. Nd3+ Kd4
40. Ke2 Bc7 41. h4 b6 42. g4 Kc4 43. f4 Kxb5 44. f5 Kc4 45. g5 h5 46. Ke3 b5
47. Ke4 b4 48. Ne5+ Bxe5 49. Kxe5 b3 50. g6 fxg6 0-1

[Event "Tradewise Gibraltar Masters 14th"]
[Site "Gibraltar"]
[Date "2016.01.26"]
[Round "1.65"]
[White "Aravindh, Chithambaram Vr"]
[Black "Osuna Vega, Enrique"]
[Result "1-0"]
[WhiteElo "2500"]
[BlackElo "2127"]
[PlyCount "57"]
[EventDate "2016.01.26"]
[EventType "swiss"]
[EventRounds "10"]
[EventCountry "GGB"]
[Source "www.saund.co.uk"]
[SourceDate "2005.02.07"]

1. Nf3 c5 2. g3 Nc6 3. Bg2 g6 4. O-O Bg7 5. c4 Nf6 6. Nc3 a6 7. d4 cxd4 8. Nxd4
Nxd4 9. Qxd4 d6 10. c5 O-O 11. cxd6 Ne8 12. Qh4 Nxd6 13. Rd1 Qa5 14. Nd5 Nf5
15. Nxe7+ Nxe7 16. Qxe7 Bg4 17. Bd2 Qb5 18. Bc3 Bxc3 19. bxc3 Rac8 20. Bxb7
Rce8 21. Qb4 Bxe2 22. Rd2 Qh5 23. Qf4 Qc5 24. Qd4 Qc7 25. Bd5 Bb5 26. h4 Rc8
27. c4 Bc6 28. h5 Rfe8 29. h6 1-0

[Event "Tradewise Gibraltar Masters 14th"]
[Site "Gibraltar"]
[Date "2016.01.26"]
[Round "1.66"]
[White "Dolzhikova, Olga"]
[Black "Fodor, Tamas Jr"]
[Result "0-1"]
[WhiteElo "2126"]
[BlackElo "2500"]
[PlyCount "38"]
[EventDate "2016.01.26"]
[EventType "swiss"]
[EventRounds "10"]
[EventCountry "GGB"]
[Source "www.saund.co.uk"]
[SourceDate "2005.02.07"]

1. e4 e5 2. Nf3 Nc6 3. Bc4 Bc5 4. c3 Nf6 5. d3 O-O 6. O-O d6 7. h3 Bb6 8. Re1
Ne7 9. Be3 Ng6 10. Nbd2 c6 11. Nf1 d5 12. Bg5 h6 13. Bxf6 Qxf6 14. exd5 Nf4 15.
Rxe5 Qg6 16. Nh4 Nxh3+ 17. Kh2 Qf6 18. Qh5 Qf4+ 19. Ng3 Bxf2 0-1

[Event "Tradewise Gibraltar Masters 14th"]
[Site "Gibraltar"]
[Date "2016.01.26"]
[Round "1.67"]
[White "Gunina, Valentina"]
[Black "Boado Rodriguez, Martin"]
[Result "1-0"]
[WhiteElo "2496"]
[BlackElo "2121"]
[PlyCount "62"]
[EventDate "2016.01.26"]
[EventType "swiss"]
[EventRounds "10"]
[EventCountry "GGB"]
[Source "www.saund.co.uk"]
[SourceDate "2005.02.07"]

1. d4 Nf6 2. c4 e6 3. Nf3 b6 4. g3 Bb7 5. Bg2 Bb4+ 6. Bd2 a5 7. O-O O-O 8. Bf4
Be7 9. Nc3 Ne4 10. Na4 Ra7 11. Qc2 d6 12. Rad1 Nd7 13. Ne1 Qa8 14. f3 Nef6 15.
e4 e5 16. Be3 Ba6 17. Nd3 Rb7 18. Rf2 c6 19. b3 b5 20. Nab2 Qa7 21. Ne1 d5 22.
cxd5 cxd5 23. Qc1 Rc7 24. dxe5 Bc5 25. Bxc5 Rxc5 26. Qf4 Nxe5 27. Qxe5 dxe4 28.
Qd4 Qe7 29. fxe4 Nxe4 30. Bxe4 Re5 31. Re2 Bb7 1-0

[Event "Tradewise Gibraltar Masters 14th"]
[Site "Gibraltar"]
[Date "2016.01.26"]
[Round "1.68"]
[White "Feldbacher, Harald"]
[Black "Blomqvist, Erik"]
[Result "0-1"]
[WhiteElo "2121"]
[BlackElo "2492"]
[PlyCount "73"]
[EventDate "2016.01.26"]
[EventType "swiss"]
[EventRounds "10"]
[EventCountry "GGB"]
[Source "www.saund.co.uk"]
[SourceDate "2005.02.07"]

1. d4 d5 2. Nf3 Nf6 3. c4 e6 4. g3 g6 5. Bg2 Bg7 6. O-O O-O 7. Nbd2 b6 8. b3
Bb7 9. Bb2 Na6 10. e3 Qe7 11. Qe2 c5 12. Rac1 Rac8 13. Rfd1 Rfd8 14. h3 Ne4 15.
Ne5 f6 16. Nef3 f5 17. Ne5 cxd4 18. exd4 Bh6 19. Nef3 Nb4 20. a3 Nc6 21. cxd5
exd5 22. Qd3 Rc7 23. b4 Rdc8 24. Qb3 Kf8 25. Rb1 Bg7 26. Nf1 Nd8 27. Ne3 Nf7
28. Rbc1 Nfd6 29. Rxc7 Rxc7 30. Ne5 b5 31. Bxe4 fxe4 32. N3g4 Qe6 33. Kg2 Bc8
34. Rh1 h5 35. Ne3 Nc4 36. Bc1 Nxe5 37. dxe5 0-1

[Event "Tradewise Gibraltar Masters 14th"]
[Site "Gibraltar"]
[Date "2016.01.26"]
[Round "1.69"]
[White "Zhukova, Natalia"]
[Black "Amos, Frank"]
[Result "1-0"]
[WhiteElo "2484"]
[BlackElo "2118"]
[PlyCount "107"]
[EventDate "2016.01.26"]
[EventType "swiss"]
[EventRounds "10"]
[EventCountry "GGB"]
[Source "www.saund.co.uk"]
[SourceDate "2005.02.07"]

1. d4 g6 2. e4 Bg7 3. c4 d6 4. Nc3 Nc6 5. Be3 e5 6. Nge2 f5 7. exf5 gxf5 8.
dxe5 dxe5 9. Qxd8+ Nxd8 10. f4 Nf6 11. h3 O-O 12. fxe5 Nd7 13. Nd5 Bxe5 14.
Ne7+ Kg7 15. O-O-O Nf6 16. Nxc8 Rxc8 17. Nf4 Re8 18. Bd3 Bxb2+ 19. Kxb2 Rxe3
20. Bxf5 Rb8 21. g4 Nf7 22. Ne6+ Kh8 23. Nxc7 Ne5 24. Rd4 a5 25. Rhd1 Ng8 26.
g5 Rf8 27. Be6 Rf2+ 28. R1d2 Ree2 29. Rxe2 Rxe2+ 30. Kb1 Ne7 31. Rd8+ Kg7 32.
Rb8 Kg6 33. Nd5 Nd3 34. Nxe7+ Kxg5 35. Bf5 Re1+ 36. Kc2 Nb4+ 37. Kd2 Rxe7 38.
Bb1 Kh4 39. Rh8 Kxh3 40. a3 Na6 41. Rxh7+ Rxh7 42. Bxh7 Nc5 43. Ke3 Kg4 44. Kd4
Nb3+ 45. Kd5 Kf4 46. Bc2 Nd2 47. c5 Nf3 48. Bd3 Ne5 49. Bf1 Nc6 50. Ba6 Ne7+
51. Ke6 Ke4 52. Kxe7 Kd5 53. Bxb7+ Kxc5 54. a4 1-0

[Event "Tradewise Gibraltar Masters 14th"]
[Site "Gibraltar"]
[Date "2016.01.26"]
[Round "1.70"]
[White "Barrenechea Bahamonde, Gustavo"]
[Black "Nakar, Eylon"]
[Result "0-1"]
[WhiteElo "2116"]
[BlackElo "2479"]
[PlyCount "88"]
[EventDate "2016.01.26"]
[EventType "swiss"]
[EventRounds "10"]
[EventCountry "GGB"]
[Source "www.saund.co.uk"]
[SourceDate "2005.02.07"]

1. e4 c5 2. Nf3 e6 3. d4 cxd4 4. Nxd4 Nf6 5. Nc3 Nc6 6. Ndb5 d6 7. Bf4 e5 8.
Bg5 a6 9. Na3 b5 10. Nd5 Be7 11. Nxe7 Qxe7 12. c4 b4 13. Nc2 O-O 14. Bd3 h6 15.
Bd2 a5 16. O-O Nd7 17. Ne3 Nc5 18. Nd5 Qh4 19. Be1 Qd8 20. a3 bxa3 21. Rxa3 Be6
22. Bc3 Qb8 23. Bb1 Qb7 24. f4 exf4 25. Nxf4 Qb6 26. Ra1 Ne5 27. b3 Rfb8 28.
Bc2 Qd8 29. Nxe6 Nxe6 30. Qd5 Nc7 31. Qd2 a4 32. c5 axb3 33. Rxa8 Nxa8 34. Bxe5
bxc2 35. cxd6 Rb1 36. Rc1 Qe8 37. Bf4 Qb5 38. h3 Rxc1+ 39. Qxc1 Nb6 40. Kh2 Qd3
41. Qe1 Nc4 42. e5 Qd4 43. Qg3 Nd2 44. Bxd2 Qxd2 0-1

[Event "Tradewise Gibraltar Masters 14th"]
[Site "Gibraltar"]
[Date "2016.01.26"]
[Round "1.71"]
[White "Tarjan, James E"]
[Black "Burrows, Martin P"]
[Result "1-0"]
[WhiteElo "2478"]
[BlackElo "2115"]
[PlyCount "67"]
[EventDate "2016.01.26"]
[EventType "swiss"]
[EventRounds "10"]
[EventCountry "GGB"]
[Source "www.saund.co.uk"]
[SourceDate "2005.02.07"]

1. c4 Nf6 2. g3 g6 3. Bg2 Bg7 4. Nc3 O-O 5. e4 d6 6. Nge2 c5 7. d3 Nc6 8. O-O
Ne8 9. Be3 Nc7 10. d4 cxd4 11. Nxd4 Ne6 12. Nde2 Nc5 13. Qd2 Ne5 14. b3 Bh3 15.
Bh6 Bxg2 16. Kxg2 a5 17. Bxg7 Kxg7 18. Nd4 Qd7 19. f4 Nc6 20. Rae1 Rae8 21. Kg1
Qh3 22. Re3 Kg8 23. Nd5 Qd7 24. Rfe1 Qd8 25. Nf3 e6 26. Nc3 Qb6 27. Kg2 Rd8 28.
Rd1 a4 29. Nxa4 Nxa4 30. bxa4 Qa6 31. Qc2 Ra8 32. Rxd6 Nb4 33. Qd2 Qxc4 34. Rd4
1-0

[Event "Tradewise Gibraltar Masters 14th"]
[Site "Gibraltar"]
[Date "2016.01.26"]
[Round "1.72"]
[White "Kandic, Milan"]
[Black "Ly, Moulthun"]
[Result "0-1"]
[WhiteElo "2109"]
[BlackElo "2474"]
[PlyCount "90"]
[EventDate "2016.01.26"]
[EventType "swiss"]
[EventRounds "10"]
[EventCountry "GGB"]
[Source "www.saund.co.uk"]
[SourceDate "2005.02.07"]

1. e4 c5 2. Nf3 e6 3. d4 cxd4 4. Nxd4 a6 5. Be2 Nf6 6. Nc3 d6 7. O-O Be7 8. f4
O-O 9. Be3 Qc7 10. Qe1 Nc6 11. Qg3 Nxd4 12. Bxd4 b5 13. e5 dxe5 14. fxe5 Bc5
15. Bxc5 Qxc5+ 16. Kh1 Nd7 17. Bf3 Rb8 18. Rae1 b4 19. Nd1 Bb7 20. Bxb7 Rxb7
21. Rf2 Qa5 22. b3 Rc7 23. Nb2 Rc3 24. Nd3 Nc5 25. Qf4 Rxd3 26. cxd3 Nxd3 27.
Qe3 Nxe1 28. Qxe1 Rc8 29. h3 h6 30. Kh2 Qb5 31. Qe4 a5 32. Qf4 Qb7 33. Rd2 Qe7
34. Rf2 Rc5 35. Rd2 Qg5 36. Qxg5 hxg5 37. Re2 Rc3 38. Kg1 Kf8 39. Kf2 Ke7 40.
Rd2 f6 41. exf6+ gxf6 42. g3 f5 43. Kg2 Kf7 44. Rf2 Kf6 45. Rd2 f4 0-1

[Event "Tradewise Gibraltar Masters 14th"]
[Site "Gibraltar"]
[Date "2016.01.26"]
[Round "1.73"]
[White "Lei, Tingjie"]
[Black "Omoifo, Osemekhian I"]
[Result "1/2-1/2"]
[WhiteElo "2474"]
[BlackElo "2106"]
[PlyCount "84"]
[EventDate "2016.01.26"]
[EventType "swiss"]
[EventRounds "10"]
[EventCountry "GGB"]
[Source "www.saund.co.uk"]
[SourceDate "2005.02.07"]

1. d4 Nf6 2. c4 g6 3. Nc3 d5 4. cxd5 Nxd5 5. e4 Nxc3 6. bxc3 Bg7 7. Qa4+ c6 8.
Nf3 O-O 9. Be2 c5 10. O-O cxd4 11. cxd4 Nc6 12. Be3 Bd7 13. Qa3 Bg4 14. d5 Ne5
15. Rab1 Bxf3 16. gxf3 Qd7 17. Kg2 a6 18. Rfc1 Rac8 19. f4 Ng4 20. Bc5 Nf6 21.
Bxe7 Nxe4 22. Bxf8 Rxf8 23. Bf3 Nd2 24. Rb6 Bd4 25. Qd6 Qf5 26. Rb3 Nxb3 27.
axb3 Rc8 28. Re1 Qc2 29. Re2 Qxb3 30. f5 Kg7 31. fxg6 hxg6 32. Qf4 Bf6 33. d6
Rc2 34. Rxc2 Qxc2 35. Bxb7 a5 36. d7 Qd3 37. Bc6 Qd1 38. h3 Qd3 39. Qc7 Qd2 40.
Qb7 Qg5+ 41. Kf3 Qf5+ 42. Kg2 Qg5+ 1/2-1/2